000 01135nam a2200217 i 4500
001 155394
003 ES-MaACL
005 20250830063108.0
008 931025s1800 sp |||| | spa d
040 _aCYL
_bspa
_cPAB
100 1 _aHervás, Lorenzo,
_d1735-1809
_963423
245 1 3 _aEl hombre fisico ó Anatomia humana fisico-filosófica /
_csu autor ... Lorenzo Hervas ... ; tomo I [- II].
260 _a[Madrid] :
_ben la imprenta de la Administracion del Real Arbitrio de Beneficencia :
_bse hallará en la librería de Ranz, Calle de la Cruz,
_c1800.
300 _a2 t. ([8], 480 p., [1] h. de lám. ; [4], 564 p.) ;
_c4º.
597 _aSign.:*4, A-Z4, 2A-2Z4, 3A-3O4 ; [ ]2, A-Z4, 2A-2Z4, 3A-3Z4, 4A4, 4B2.
597 _aCada tomo con portada, paginación y signatura propias.
599 _aLa lámina del t. 1 es un retrato xilográfico de "Laurentius Hervás et Panduro", al pie: "Roma Dominic Cardellidel, Josef Ximeno sculp."
650 4 _aAnatomía humana-
_vObras anteriores a 1800.
_9157405
852 _aES-MaACL
_jR-2745-46
_z-- Enc. pasta española
_x Olim:G-9593-94
999 _c155394
_d155394